Top 15 Countries Ranked in the FIFA World Cup 2022 - Statistics

General Stats
  • This quiz has been taken 9 times
  • The average score is 14 of 15
Answer Stats
Picture Answer % Correct
Argentina
100%
Australia
100%
Brazil
100%
France
100%
Japan
100%
Poland
100%
Switzerland
100%
USA
100%
Croatia
89%
England
89%
Netherlands
89%
Portugal
89%
Senegal
89%
Spain
89%
Morocco
78%
No matching quizzes found
Score Distribution
Percent of People with Each Score
Percentile by Number Answered
Your Score History
You have not taken this quiz